[Event "Ontario-ch 1980-81"]
[Site "Toronto CAN"]
[Date "1980.12.27"]
[Round "2"]
[White "Ross, Dave"]
[Black "Hartman, Brian"]
[Result "1-0"]
[WhiteElo "2133"]
[BlackElo "2377"]
[PlyCount "105"]
[GameId "2160767912911517"]
[EventDate "1980.12.26"]
[EventType "tourn"]
[EventRounds "9"]
[EventCountry "CAN"]
[SourceTitle "EXT 97"]
[Source "ChessBase"]
[SourceDate "1997.11.17"]
[SourceVersion "1"]
[SourceVersionDate "1997.11.17"]
[SourceQuality "1"]

1. e4 e5 2. Nf3 Nc6 3. Bb5 a6 4. Ba4 Nf6 5. O-O Be7 6. Re1 b5 7. Bb3 O-O 8. d4 d6 9. c3 Bg4 10. d5 Na5 11. Bc2 c6 12. h3 Bh5 13. dxc6 Qc7 14. Nbd2 Rfe8 15. Nf1 Rac8 16. Ng3 Bg6 17. Nh4 Nxc6 18. Nhf5 Bf8 19. Bg5 Nd7 20. Qg4 Kh8 21. Rad1 Nc5 22. Ne3 f6 23. Nd5 Qb7 24. Bc1 Ne7 25. Ne3 Bf7 26. b3 b4 27. c4 Nc6 28. Ne2 Ne6 29. Bb2 Qa7 30. Nf5 Red8 31. Bc1 a5 32. Be3 Nc5 33. Nxd6 Bxd6 34. Rxd6 Nb8 35. Red1 Re8 36. Ng3 Qc7 37. Nf5 Bg6 38. R1d5 Nb7 39. Rb6 Bxf5 40. Qxf5 Rcd8 41. Re6 Nc6 42. Rxe8+ Rxe8 43. Qd7 Qc8 44. Bb6 Kg8 45. Bd1 Ne7 46. Bg4 Qa8 47. Bh5 Ng6 48. c5 Re7 49. Qc6 Qb8 50. Rd7 Kf7 51. Qd5+ Ke8 52. c6 Qc8 53. Qg8# 1-0

[Event "Ontario op"]
[Site "Hamilton CAN"]
[Date "1980.05.19"]
[Round "5"]
[White "Hartman, Brian"]
[Black "Filipovich, David"]
[Result "1-0"]
[WhiteElo "2015"]
[BlackElo "2093"]
[PlyCount "113"]
[GameId "2160767912911964"]
[EventDate "1980.05.17"]
[EventType "swiss"]
[EventRounds "6"]
[EventCountry "CAN"]
[SourceTitle "CFC 1980.07"]

1. e4 e6 2. d4 d5 3. e5 c5 4. Qg4 cxd4 5. Nf3 Nc6 6. Bd3 f5 7. Qg3 Qc7 8. O-O Bd7 9. a3 Nge7 10. b4 a6 11. Re1 h6 12. Nbd2 g5 13. Nb3 Bg7 14. Bb2 O-O-O 15. b5 axb5 16. Nbxd4 Nxd4 17. Nxd4 Qb6 18. Bxb5 Bxb5 19. Qb3 Nc6 20. Nxb5 Kb8 21. Rab1 Rc8 22. Bc3 Bf8 23. Qa4 Nd8 24. Bd4 Bc5 25. Rb3 Bxd4 26. Nxd4 Qa7 27. Qb4 Qc5 28. Qd2 Re8 29. Reb1 Re7 30. a4 Nc6 31. Nf3 g4 32. Rb5 Qa7 33. Ne1 Qxa4 34. Nd3 Nd8 35. Nc5 Qc4 36. R1b4 Qxc5 37. Rxc5 Rxc5 38. g3 Rec7 39. Qxh6 Rxc2 40. Qf6 Rc1+ 41. Kg2 Rc8 42. Qe7 R1c4 43. Qd6+ Ka8 44. Rb1 Ra4 45. Qd7 Rac4 46. Ra1+ Kb8 47. Qd6+ R4c7 48. Ra4 d4 49. Qxd4 Rc6 50. Qd7 Ra6 51. Rxa6 bxa6 52. h4 gxh3+ 53. Kxh3 a5 54. Kg2 a4 55. Qxa4 Rc7 56. f3 Ra7 57. Qd4 1-0

[Event "Ontario op"]
[Site "Hamilton CAN"]
[Date "1980.05.19"]
[Round "6"]
[White "Day, Lawrence"]
[Black "Hartman, Brian"]
[Result "1/2-1/2"]
[WhiteElo "2392"]
[BlackElo "2015"]
[PlyCount "52"]
[GameId "2160767912911966"]
[EventDate "1980.05.17"]
[EventType "swiss"]
[EventRounds "6"]
[EventCountry "CAN"]
[SourceTitle "EXT 2022"]
[Source "ChessBase"]
[SourceDate "2021.10.06"]
[SourceVersion "1"]
[SourceVersionDate "2021.10.06"]
[SourceQuality "1"]

1. e4 e5 2. Nf3 Nc6 3. Bb5 a6 4. Bxc6 dxc6 5. O-O Bg4 6. h3 Bh5 7. d3 f6 8. Be3 Bd6 9. Nbd2 Qd7 10. Qe2 g5 11. Rfe1 Qf7 12. d4 exd4 13. Bxd4 Bf4 14. Qc4 O-O-O 15. Qxf7 Bxf7 16. Rad1 h5 17. g3 Bxd2 18. Rxd2 Rh6 19. Be3 Re8 20. h4 Rxe4 21. hxg5 Rg6 22. Red1 Bd5 23. Nh4 Rg7 24. Nf5 Rg6 25. Nh4 Rg7 26. Nf5 Rg6 1/2-1/2

[Event "Labour Day op"]
[Site "Toronto CAN"]
[Date "1978.09.01"]
[Round "6"]
[White "Day, Lawrence"]
[Black "Hartman, Brian"]
[Result "0-1"]
[WhiteElo "2406"]
[BlackElo "1914"]
[PlyCount "88"]
[GameId "2160767912913256"]
[EventDate "1978.09.02"]
[EventType "swiss"]
[EventRounds "6"]
[EventCountry "CAN"]
[SourceTitle "CFC 1978.11"]

1. e4 e5 2. Nf3 Nc6 3. c3 f5 4. d4 Nf6 5. exf5 e4 6. Nh4 Be7 7. g3 d5 8. Bh3 O-O 9. Ng2 Ne8 10. Qh5 Nf6 11. Qe2 Ne8 12. g4 Bf6 13. Be3 Nd6 14. Nf4 Nc4 15. b3 Nxe3 16. fxe3 Bg5 17. O-O Qd6 18. c4 Bxf4 19. Rxf4 Nxd4 20. Qd1 Nf3+ 21. Rxf3 exf3 22. Qxd5+ Qxd5 23. cxd5 h5 24. e4 g6 25. gxh5 gxf5 26. e5 c6 27. Nc3 cxd5 28. Nxd5 Kf7 29. Rc1 Rd8 30. Rc7+ Ke6 31. Ne7 Kxe5 32. h6 Kd6 33. Rxc8 Raxc8 34. Nxc8+ Rxc8 35. Bxf5 Rf8 36. h7 Ke5 37. Bd3 Kd4 38. Bc4 Ke3 39. h4 f2+ 40. Kf1 Rd8 41. a4 Kf3 42. Be2+ Kg3 43. h5 a5 44. h6 Re8 0-1